MDQL
is popping MORE tags! Check the
thread
!
Quizzes
Events
Quiz Creation
Community
Videos
Private Events
Remove Ads
Sign In
Join for FREE
Feedback
Dark Mode
Quiz Categories
Sports
Geography
Music
Movies
Television
Just For Fun
Miscellaneous
History
Literature
Language
Science
Gaming
Entertainment
Religion
Holiday
For Kids
Quiz Lab
Recent
Popular Today
Quiz Kudos Today
Editor Picks
Curator Picks
Quizzes by...
Day
Popularity
Type
Ratings
Length
Year
Community
Subscriptions
Recent Discussions
Orange Saloon
Badges
Playlists
Quests
Create
Leaderboards
Showdown
Live 5
Trivia Bingo
Activity
Puzzle Library
Sporcle Events
Private Events
Virtual Trivia
Globe League
Become a Host
Pub Owners
SporcleCon
Opinionation
Our Games
Videos
Blog
Mobile Apps
Partnerships
Remove Ads and Go Orange
Feedback
Science
Computer
Plants
Astronomy
Chemistry
Elements
Math
Animal
Physics
Anatomy
Biology
Geology
General Science
Science
Computer
Plants
Astronomy
Chemistry
Elements
Math
Animal
Physics
Anatomy
Biology
Geology
General Science
Random Quiz
Search Sporcle
×
Quiz Lab
Quiz Lab
Science
Biology
Type in answers that appear in a list
Type in answers that appear in a list
Classic
Best Score? Go Orange.
Clausen-Chemistry & Cells Stats
Can you name the Clausen-Chemistry & Cells?
By
Clausen19
12m
45 Questions
3 Plays
3 Plays
3 Plays
Comments
Comments
Give Quiz Kudos
Give Quiz Kudos
-
- Ratings
hide this ad
Replay
Link that replays current quiz
Next Quiz
Link to next quiz in quiz playlist
You Got
0%
They Got
Avg Score
57%
Avg Friend Score
Upgrade to see
Score Distribution
Jump to the score distribution portion of the page
Score
0/45
Timer
12:00
0
Plays Today
Chemistry & Cells
% Correct
Substances formed during a chemical reaction (result)
Product
100%
Protons and neutrons make up the:
nucleus
100%
'Floating' around the nucleus are the:
Electrons
100%
Atoms of the same element that hve different numbers of neutrons
Isotopes
100%
Pure substance formed when two or more different elements combine
Compound
100%
Bond that forms when electrons are SHARED
Covalent
100%
Bond that forms when an electron is donated/
accepted
Ionic
100%
Lowers the activation energy needed for a reaction
Catalyst
100%
Biological catalysts
Enzymes
100%
Molecules that have an enequal distribution of charges
Polar
100%
Substance that is dissolved
Solute
100%
Releases H+ ions when dissolved in water
Acid
100%
Releases OH-
ions when dissolved in water
Base
100%
Macromolecule that makes up sugars; CHO
Carbohydrate
100%
Macromolecule that makes up cell membranes; CHo
Lipid
100%
Macromolecule made up of amino acids
Protein
100%
Important unit of cellular energy
ATP
100%
Minimum amount of energy needed for chemical reaction to work
Activation energy
66.7%
Substance in which another substance is dissolved
Solvent
66.7%
Macromolecule made up of nucleotides
Nucleic acid
66.7%
Cell powerhouse; site of cellular respiration
Mitochondria
66.7%
Site of photosynthesis
Chloroplast
66.7%
Movement of particles from high concentration to low concentration
Diffusion
66.7%
Chemistry & Cells
% Correct
Diffusion of water
Osmosis
66.7%
Movement of particles from low concentration to high concentration
Active transport
66.7%
Glycolysis (anaerobic) happens here
Cytoplasm
66.7%
Main pigment in plants
Chlorophyll
66.7%
Uniform, homogeneous mixture
Solution
33.3%
Cells without a nucleus or other membrane bound organelles
Prokaryote
33.3%
Cells containing a nucleus and other membrane bound organelles
Eukaryotes
33.3%
Anabolic pathway plants use to make energy
Photosynthesis
33.3%
Light reactions happen here
Thylakoid
33.3%
Calvin cycle happens here
Stroma
33.3%
Starting substances of a chemical reaction
Reactancts
0%
Weak 'bond' between postitive and negative regions
Van der Waals forces
0%
Boudary that helps control what enters and leaves the cell
Plasma membrane
0%
Property of the membrane that allows it to regulate what enters/
exits
Selective perpeability
0%
Water enters the cell
Hypotonic
0%
Water leaves the cell
Hypertonic
0%
Catabolic pathway organisms use to make energy
Cellular respiration
0%
Kreb's cycle (aerobic) happens here
Mitochondrial matrix
0%
ETC (aerobic) is here
Inner membrane
0%
NADPH, NADH, and FADH2 are:
Electron carriers
0%
Most important biological enzyme
Rubisco
0%
Without oxygen, glycolysis will lead to:
Fermentation
0%
Quiz Playlist
Details
Report
Send in Message
Add To Playlist
Classic:
Type in answers that appear in a list
Last Updated: Feb 16, 2017
Quiz Scoreboard
CHALLENGE
Sign Up to Join the Scoreboard
Show All
Scores
Hide
Comments
May contain spoilers
Recently Published
1-10 Letter E Words III
by El_Dandy
Language
2m
Street Fighter Characters
by Artimus82
Gaming
60s
College Basketball Coaching Resumes
by pancakes188
Sports
9m
More to Explore
Quiz From the Vault
Featured Blog Post
Where Did the Easter Bunny Come From?
hide this ad
You Might Also Like...
Tags
Biology Quiz
Chemistry Quiz
Today's Top Quizzes in Science
Browse Science
hide this ad
Today's Top Quizzes in Biology
Browse Biology
Top Contributed Quizzes in Science
1
Quick Pick: Radians
2
The First 100 Digits of Pi
3
Quick Pick: 'CI-CJ' Animals
4
Elements In Images
5
perfect squares 1-25
6
One Thing in Common: Science
7
One Thing in Common: Science II
8
One Thing in Common: Animals
9
One Thing in Common: Science III
10
Science Jokes
Explore More
Trending Topics
Marvel
Disney
Crossword
Kpop
Anime
Harry Potter
NBA
Song
NFL
Soccer
Pokémon
Country
WWE
Puzzle
The Office
hide this ad
More By:
Clausen19
Quiz
Plays
Rating
Category
Featured
Created
Clausen-Ecology
9
Science
Dec 14, 2011
Clausen-Chemistry & Cells
3
Science
Dec 14, 2011
Go to Creator's Profile
Score Distribution
Quiz Creator Spotlight
Clausen19
Follow
Send a Message
Quizzes Created
-
Created Quiz Play Count
-
More By This Creator
Popular Quizzes Today
1
Find the US States - No Outlines Minefield
2
Find the Countries of Europe - No Outlines Minefield
3
The Countries of the World
4
Find the US States
5
Risky Map Clicking: Biggest States A-Z
6
US States
7
Popular People in 1961
8
Movies - When Are They Set?
More Science Quizzes
Great Minds, Not-So-Great Theories
Editor's Pick
Trending Quizzes
Risky Map Clicking: Least Populous States A-Z
Billboard Blitz: Aretha Franklin
Famous Russians: Author or Composer?
1-10 Letter G Words
Countries of the World: 200 Million BC
Recently Updated
Leaping Animals
pecheneg
Reality TV Shows (A-Z)
bhenderson79
Rickey Henderson's Hall of Fame Teammates
pecheneg
Champions League XIs: Arsenal
pecheneg
Quick Pick: Celebrities in WWE's Hall of Fame
aduchscher
A-Z Keypad Blitz II
pecheneg
Multiple Oscar Actors
pecheneg
Mystery Phrase Blitz: Oscar 'Best Actors'
pecheneg
F. Scott Fitzgerald Novels
LTH
Pick 3 Villains
ddd62291
Trending Topics
Marvel
Anime
Kpop
NBA
Disney
Crossword
Harry Potter
Soccer
The Office
NFL
Puzzle
Song
Country
Pokémon
WWE
Your Account Isn't Verified!
In order to create a playlist on Sporcle, you need to verify the email address you used during registration. Go to your
Sporcle Settings
to finish the process.
Report this User
Report this user for behavior that violates our
Community Guidelines
.
Details:
Send Report
Go to the Sporcle.com Mobile Site →
Comments